Memoir Arena Wati : Enda gulingku

Bibliographic Details
Main Author: Arena Wati
Format: Book
Published: Selangor : Penerbit Universiti Kebangsaan Malaysia , 1991
Subjects:

MARC

LEADER 00000cam a2200000 7i4500
001 0000046828
005 20150408.0
008 150408
020 |a 967942216x(kk) 
020 |a 9679422208(kl) 
090 0 0 |a 928.9923   |b ARE 
100 1 |a Arena Wati 
245 1 0 |a Memoir Arena Wati :   |b Enda gulingku   |c Arena Wati 
260 |a Selangor :   |b Penerbit Universiti Kebangsaan Malaysia ,   |c 1991 
500 |a Includes Bibliography(975-976pg.) 
500 |a Includes Index(977-978pg.) 
650 0 |a Arena Wati, 1925- 
650 0 |a Authors, Malay   |x Biography 
650 0 |a Autobiography 
999 |a 0000711030   |b Book   |c Adult Collection   |e Cawangan Muar 
999 |a 0000711035   |b Book   |c Adult Collection   |e Cawangan Pontian 
999 |a 0000711036   |b Book   |c Adult Collection   |e Cawangan Tmn. Ungku Tun Aminah